Music Quiz

Random Music or Song Quiz

'80s Metal Bands Quiz Stats

 Plays Quiz Updated Aug 7, 2017

Support Sporcle.
Go Orange.
Score 0/24 Timer 07:00
6 Plays Today
Song Band % Correct
Sweet Child O' MineGuns n' Roses
96.7%
You Shook Me All Night LongAC/DC
86.2%
Dude (Looks Like a Lady)Aerosmith
84.9%
You Give Love a Bad NameBon Jovi
82.8%
Master Of PuppetsMetallica
81.7%
Every Rose Has Its ThornPoison
78%
Pour Some Sugar On MeDef Leppard
77.7%
Hot for TeacherVan Halen
75.6%
We're Not Gonna Take ItTwisted Sister
72.8%
Here I Go AgainWhitesnake
72.1%
Girls, Girls, GirlsMötley Crüe
70.7%
The Final CountdownEurope
68.7%
Song Band % Correct
Rock You Like A HurricaneScorpions
67.5%
Cherry PieWarrant
60.4%
Metal Health (Bang Your Head)Quiet Riot
56.7%
Round And RoundRATT
53%
You've Got Another Thing Comin'Judas Priest
46.5%
18 and LifeSkid Row
45.7%
Peace SellsMegadeth
39.6%
Sister ChristianNight Ranger
35.8%
Nobody's FoolCinderella
32.5%
Fly to the AngelsSlaughter
18.9%
Rock MeGreat White
18%
Just Got LuckyDokken
15.5%

From the Vault

Presidents by Postage Stamp

by Hejman

History 6m
We hope this gets your stamp of approval.
Remove Ads.
Support Sporcle.
Get the best of Sporcle when you Go Orange. This ad-free experience offers more features, more stats, and more fun while also helping to support Sporcle. Thank you for becoming a member.

Show Comments

Extras

Top Quizzes Today


Score Distribution

Your Account Isn't Verified!

In order to create a playlist on Sporcle, you need to verify the email address you used during registration. Go to your Sporcle Settings to finish the process.

Report this User

Report this user for behavior that violates our Community Guidelines.

Details: